000 00396 a2200169 4500
001 72372
020 _a852624180X
040 _cAnchieta - Colégio São Paulo
100 _aMachado, Ana Maria
240 1 0 _aSonho de uma noite de verão
_lpor
245 1 0 _aSonho de uma noite de verão
300 _a93
362 0 _a2003
440 1 _aScipione
650 4 _aLiteratura juvenil
942 _cBK
999 _c72372
_d72372